Loading...
Fine Arts - Visual Fine Arts | 0 | 5 | 0 | 1 | 50 | 102 | 133.20 | 0 | 1 |
Literature - British Literature | 0 | 3 | 0 | 1 | 30 | 144 | 149.00 | 0 | 1 |
Fine Arts - Auditory Fine Arts | 0 | 2 | 0 | 0 | 20 | 109 | 121.00 | 0 | 0 |
Literature - World Literature | 0 | 2 | 0 | 0 | 20 | 96 | 117.00 | 0 | 2 |
Literature - European Literature | 0 | 1 | 0 | 0 | 10 | 143 | 143.00 | 0 | 0 |
Literature - American Literature | 0 | 1 | 0 | 0 | 10 | 140 | 140.00 | 0 | 1 |
Other Academic | 0 | 1 | 0 | 0 | 10 | 122 | 122.00 | 0 | 0 |
History - World History | 0 | 1 | 1 | 0 | 5 | 92 | 92.00 | 0 | 1 |
Social Science | 0 | 0 | 0 | 0 | 0 | 0.00 | 0 | 0 | |
Philosophy | 0 | 0 | 1 | 0 | -5 | 0.00 | 0 | 0 |